North America Cities Map Quiz - Statistics

General Stats
  • This quiz has been taken 45 times
  • The average score is 17 of 21
Answers on the Map
Answers color-coded by a green-red scale on the quiz's map according to % correct below.
 
Answer Stats
Answer % Correct
Anchorage
90%
Miami
90%
Honolulu
86%
New York City
86%
Chicago
83%
Havana
83%
Panama City
83%
Seattle
83%
Toronto
83%
Washington D.C
83%
Calgary
79%
Dallas
79%
Denver
79%
Mexico City
79%
Punta Cana
79%
San Francisco
79%
Cancún
76%
Los Angeles
76%
Monterrey
69%
Fairbanks
62%
Uranium City
59%
No matching quizzes found
Score Distribution
Percent of People with Each Score
Percentile by Number Answered
Your Score History
You have not taken this quiz